| 000 | 00872nam a2200253 i 4500 | ||
|---|---|---|---|
| 001 | 82232 | ||
| 003 | ES-MaACL | ||
| 005 | 20231205193248.0 | ||
| 007 | t| | ||
| 008 | 041201s2003 sp |||| | spa d | ||
| 020 | _a84-8102-328-0 | ||
| 080 | _a821.134.2-14.09 | ||
| 080 | _a821.134.2 Góngora y Argote, Luis de 1.07 | ||
| 100 | 1 |
_aDiego, Gerardo, _d1896-1987 _944545 |
|
| 245 | 1 | 3 |
_aLa estela de Góngora / _cGerardo Diego ; estudio preliminar Julio Neira. |
| 260 |
_aSantander : _bServicio de Publicaciones, Universidad de Cantabria, _c2003. |
||
| 300 |
_a228 p. ; _c19 cm. |
||
| 600 | 1 | 4 |
_aGóngora y Argote, Luis de- _xInfluencia. _9147418 |
| 650 | 4 |
_aPoesía lírica española- _xHistoria y crítica. _916193 |
|
| 700 | 1 |
_aNeira, Julio. _985341 |
|
| 710 | 2 |
_aUniversidad de Cantabria. _97160 |
|
| 852 |
_aES-MaACL _jL-28548 |
||
| 999 |
_c82232 _d82232 |
||